[Event "98th ch-GBR"]
[Site "Sheffield ENG"]
[Date "2011.07.26"]
[Round "2"]
[White "Krzyzanowski,P"]
[Black "Almond,R"]
[Result "1/2-1/2"]
[WhiteElo "1996"]
[BlackElo "2121"]
[EventDate "2011.07.25"]

1. d4 Nf6 2. c4 e6 3. Nf3 d5 4. Nc3 Be7 5. cxd5 exd5 6. Bg5 O-O 7. e3 Re8
8. Bd3 Nbd7 9. O-O c6 10. Qc2 Nf8 11. Ne5 Ng4 12. Bxe7 Qxe7 13. Nxg4 Bxg4
14. Rae1 Qd6 15. a3 Rad8 16. f3 Bc8 17. Qa4 a6 18. Qc2 h6 19. Na4 Nd7 20.
b4 b5 21. Nb2 Nb6 22. Qc5 Nc4 23. Nxc4 Qxc5 24. dxc5 bxc4 25. Bc2 f5 26.
Ba4 Bd7 27. Kf2 g5 28. Rd1 Re7 29. Rfe1 Rde8 30. g3 Kg7 31. Rd4 Kf6 32. h3
h5 33. Re2 Kg7 34. Bc2 Kf6 35. h4 g4 36. fxg4 fxg4 37. e4 Kg7 38. Ke3 Rf8
39. Rf2 Rxf2 40. Kxf2 Rf7+ 41. Ke2 Be6 42. Ba4 Rc7 43. Bxc6 dxe4 44. Bxe4
a5 45. Kd2 axb4 46. axb4 Ra7 47. Rd6 Ra2+ 48. Kc3 Ra3+ 49. Kd4 Kf7 50. Bd5
Bxd5 51. Rxd5 Rxg3 52. Rxh5 c3 53. c6 Ke7 54. Rc5 Kd8 55. c7+ Kc8 56. b5 c2
57. Kd5 Rb3 58. Rxc2 Rxb5+ 59. Kc6 Rh5 60. Kd6 Rxh4 61. Rg2 1/2-1/2

[Event "98th ch-GBR"]
[Site "Sheffield ENG"]
[Date "2011.07.26"]
[Round "2"]
[White "Yurenok,M"]
[Black "Boulton,William J K"]
[Result "0-1"]
[WhiteElo "2090"]
[BlackElo "1971"]
[EventDate "2011.07.25"]

1. d4 f5 2. g3 Nf6 3. Bg2 g6 4. c4 Bg7 5. Nc3 O-O 6. Nh3 d6 7. d5 e5 8.
dxe6 Re8 9. Ng5 Na6 10. O-O Ng4 11. e7 Rxe7 12. Bd5+ Kh8 13. c5 Nxc5 14.
Nf7+ Rxf7 15. Bxf7 c6 16. Bb3 b5 17. h3 Ne5 18. f4 Nxb3 19. Qxb3 Qb6+ 20.
Kh2 Nc4 21. Nd1 d5 22. Ne3 Nd6 23. Qd3 Ba6 24. Rb1 b4 25. Qd1 Re8 26. Rf3
d4 27. b3 Qc5 28. Bb2 Ne4 29. Nc4 Bxc4 30. bxc4 Qxc4 31. Qd3 Qd5 32. Rd1 c5
33. a3 c4 34. Qb1 a5 35. axb4 axb4 36. Bxd4 Bxd4 37. e3 Nc3 38. Rxd4 Nxb1
39. Rxd5 c3 40. Rb5 Nd2 41. Rf2 Rc8 42. Rxb4 c2 43. Rxd2 c1=Q 44. Rbd4 Rc2
45. Rxc2 Qxc2+ 46. Kg1 Qe2 47. Rd8+ Kg7 48. Rd7+ Kf6 49. Rxh7 Qxe3+ 50. Kg2
Qe2+ 51. Kg1 Qf3 52. g4 fxg4 53. hxg4 Qxg4+ 54. Kh1 Qxf4 55. Rh8 Kg5 56.
Kg2 Kg4 57. Rg8 Qd2+ 58. Kf1 Kf3 59. Rf8+ Kg3 0-1

[Event "98th ch-GBR"]
[Site "Sheffield ENG"]
[Date "2011.07.26"]
[Round "2"]
[White "Phillips,O"]
[Black "Coates,D"]
[Result "1/2-1/2"]
[WhiteElo "1967"]
[BlackElo "2080"]
[EventDate "2011.07.25"]

1. b3 e5 2. Bb2 Nc6 3. e3 d5 4. Bb5 Bd6 5. f4 Qh4+ 6. g3 Qe7 7. fxe5 Bxe5
8. Bxe5 Qxe5 9. Nc3 Nge7 10. Nf3 Qd6 11. O-O Bg4 12. Be2 O-O 13. Nb5 Qd8
14. Ng5 Bf5 15. Bg4 Bg6 16. Bh5 a6 17. Bxg6 Nxg6 18. Qh5 h6 19. Nxf7 Rxf7
20. Rxf7 Kxf7 21. Rf1+ Kg8 22. Qxg6 Qd7 23. Nc3 Rd8 24. Rf5 Rf8 25. Rxf8+
Kxf8 26. Qd3 Nb4 27. Qd4 Qd6 28. e4 dxe4 29. Qxe4 Qc5+ 30. Kg2 b6 31. Qf4+
Kg8 32. Qe4 Qd6 33. Qc4+ Kh8 34. Ne4 Qe7 35. a3 Na2 36. b4 Qe5 37. d3 Qb2
38. Qxc7 Qxa3 39. Qc8+ Kh7 40. Qf5+ Kh8 41. Qf8+ Kh7 42. c3 Qb2+ 43. Kh3
Qb1 44. Qf5+ Kh8 45. Nd6 Qb3 46. Qf8+ Kh7 47. Nf5 Qg8 48. Qxg8+ Kxg8 49.
Ne7+ Kf7 50. Nd5 a5 51. Nxb6 axb4 52. cxb4 Nxb4 53. d4 Ke6 54. Kg4 g6 55.
h4 Nc2 56. d5+ Ke5 1/2-1/2

[Event "98th ch-GBR"]
[Site "Sheffield ENG"]
[Date "2011.07.26"]
[Round "2"]
[White "De Coverly,R"]
[Black "Magee,Ronan"]
[Result "1/2-1/2"]
[WhiteElo "2080"]
[BlackElo "1953"]
[EventDate "2011.07.25"]

1. e4 c5 2. Nf3 d6 3. d4 cxd4 4. Nxd4 Nf6 5. Nc3 a6 6. Bg5 e6 7. f4 Be7 8.
Qf3 Qc7 9. O-O-O Nbd7 10. g4 b5 11. Bxf6 Nxf6 12. g5 Nd7 13. f5 Bxg5+ 14.
Kb1 Ne5 15. Qh5 Qe7 16. Nxe6 Bxe6 17. fxe6 g6 18. exf7+ Kxf7 19. Qe2 Kg7
20. Nd5 Qd8 21. Qe1 Bh4 22. Qd2 Bg5 23. Qd4 Rf8 24. Bh3 Rb8 25. Rhf1 Rxf1
26. Rxf1 Rb7 27. a3 a5 1/2-1/2

[Event "98th ch-GBR"]
[Site "Sheffield ENG"]
[Date "2011.07.26"]
[Round "2"]
[White "Foo,William J"]
[Black "Haria,R"]
[Result "1-0"]
[WhiteElo "1893"]
[BlackElo "2073"]
[EventDate "2011.07.25"]

1. d4 Nf6 2. c4 c5 3. d5 b5 4. cxb5 a6 5. bxa6 g6 6. Nc3 Bxa6 7. Nf3 d6 8.
g3 Bg7 9. Bg2 Nbd7 10. Rb1 O-O 11. O-O Nb6 12. b3 Bb7 13. e4 Ba6 14. Re1
Ng4 15. Qc2 Nd7 16. Rd1 Nge5 17. Nxe5 Nxe5 18. Bb2 c4 19. b4 Nd3 20. Bc1
Bd4 21. Be3 Bxe3 22. fxe3 Qb6 23. Qd2 Bb5 24. Bf1 Ne5 25. Be2 Ra3 26. Rdc1
Rfa8 27. Qd4 Qb7 28. Kh1 Rxa2 29. Nxa2 Rxa2 30. Rb2 Qa6 31. Rbc2 Qa3 32.
Rxa2 Qxa2 33. Qd1 Qb2 34. Rb1 Qa3 35. Qc1 Qa2 36. Qb2 Qa7 37. Qc3 Qa2 38.
Rb2 Qa8 39. Rd2 Qa7 40. Kg2 Qa8 41. Kf2 Qa4 42. Rc2 Qa8 43. Rc1 Qf8 44. Kg1
Qg7 45. Qd4 h5 46. Qb6 Ba4 47. Qd4 Bb5 48. Ra1 c3 49. Qd1 Qh6 50. Bxb5
Qxe3+ 51. Kf1 Nf3 52. Kg2 h4 53. Qe2 Qd4 54. Ra8+ Kg7 55. Kxf3 1-0

[Event "98th ch-GBR"]
[Site "Sheffield ENG"]
[Date "2011.07.26"]
[Round "2"]
[White "Weaving,Richard"]
[Black "Farrall,D"]
[Result "1-0"]
[WhiteElo "2070"]
[BlackElo "1869"]
[EventDate "2011.07.25"]

1. e4 c5 2. Nf3 d6 3. d4 cxd4 4. Nxd4 Nf6 5. Nc3 a6 6. Be3 e6 7. f3 Qc7 8.
g4 h6 9. Qd2 Nbd7 10. h4 b5 11. Qg2 Ne5 12. g5 hxg5 13. hxg5 Rxh1 14. Qxh1
Nfd7 15. O-O-O Bb7 16. Kb1 Rc8 17. Qg2 g6 18. Bc1 Nb6 19. Qh3 Qd7 20. Nce2
d5 21. Qh8 Nc6 22. Bh3 Nxd4 23. Nxd4 Qc7 24. e5 a5 25. f4 Nd7 26. c3 Ba6
27. Bxe6 fxe6 28. Nxe6 Qc6 29. Nd4 Qb6 30. e6 b4 31. Qg8 Qd6 32. Qf7+ Kd8
33. exd7 1-0

[Event "98th ch-GBR"]
[Site "Sheffield ENG"]
[Date "2011.07.27"]
[Round "3"]
[White "Howell,D"]
[Black "Pert,R"]
[Result "1-0"]
[WhiteElo "2625"]
[BlackElo "2459"]
[EventDate "2011.07.25"]

1. e4 c5 2. Nf3 d6 3. Nc3 Nf6 4. d4 cxd4 5. Nxd4 g6 6. Be3 Bg7 7. f3 Nc6 8.
Qd2 O-O 9. O-O-O d5 10. exd5 Nxd5 11. Nxc6 bxc6 12. Bd4 Nxc3 13. Qxc3 Bh6+
14. Be3 Bxe3+ 15. Qxe3 Qb6 16. Qxe7 Be6 17. Qa3 Rad8 18. Bd3 Rd5 19. Rhe1
Rfd8 20. Qc3 c5 21. Re5 Rxe5 22. Qxe5 Bxa2 23. b3 Bxb3 24. cxb3 Qxb3 25.
Bc2 Qa3+ 26. Kb1 Qb4+ 27. Qb2 Rxd1+ 28. Bxd1 Qe1 29. Kc2 Qf2+ 30. Kc1 Qe3+
31. Qd2 Qe5 32. f4 Qa1+ 33. Kc2 Qa4+ 34. Kb2 Qe4 35. Bf3 Qf5 36. Qd8+ Kg7
37. Qd6 Qc8 38. Kc3 h6 39. Bd5 Qg4 40. Qc7 Qf5 41. Qe5+ Qf6 42. h4 g5 43.
Qxf6+ Kxf6 44. fxg5+ hxg5 45. hxg5+ Kxg5 46. Kc4 f5 47. Kxc5 1-0

[Event "98th ch-GBR"]
[Site "Sheffield ENG"]
[Date "2011.07.27"]
[Round "3"]
[White "Gordon,S"]
[Black "Lalic,S"]
[Result "1-0"]
[WhiteElo "2533"]
[BlackElo "2277"]
[EventDate "2011.07.25"]

1. Nf3 Nf6 2. c4 e6 3. g3 c5 4. Bg2 Nc6 5. O-O d5 6. cxd5 exd5 7. d4 Be7 8.
Nc3 O-O 9. dxc5 Bxc5 10. Na4 Be7 11. Be3 Ne4 12. Rc1 Re8 13. Nd4 Bd7 14.
Nc3 Nxd4 15. Bxd4 Bc6 16. e3 a6 17. Qg4 Bf8 18. Rfd1 Qe7 19. Ne2 Rad8 20.
Nf4 g6 21. h4 h5 22. Nxh5 Bd7 23. Qxe4 dxe4 24. Nf6+ Kg7 25. Nd5+ Qe5 26.
Bxe5+ Rxe5 27. Nb6 Re7 28. Rd4 1-0

[Event "98th ch-GBR"]
[Site "Sheffield ENG"]
[Date "2011.07.27"]
[Round "3"]
[White "Hebden,M"]
[Black "Sreeves,C"]
[Result "1-0"]
[WhiteElo "2533"]
[BlackElo "2169"]
[EventDate "2011.07.25"]

1. d4 Nf6 2. Nf3 g6 3. Nc3 d5 4. Bf4 Bg7 5. Qd2 Ne4 6. Nxe4 dxe4 7. Ne5 Be6
8. e3 Nd7 9. Nxd7 Qxd7 10. Be2 O-O 11. O-O c5 12. Rfd1 Rfd8 13. c3 Qc6 14.
f3 exf3 15. Bxf3 Bd5 16. dxc5 Qe8 17. Bxd5 e6 18. e4 Rac8 19. Bg5 f6 20.
Be3 exd5 21. exd5 Qe4 22. d6 f5 23. b4 a6 24. Bd4 1-0

[Event "98th ch-GBR"]
[Site "Sheffield ENG"]
[Date "2011.07.27"]
[Round "3"]
[White "Ledger,A"]
[Black "Atako,C"]
[Result "1/2-1/2"]
[WhiteElo "2435"]
[BlackElo "2110"]
[EventDate "2011.07.25"]

1. d4 Nf6 2. Nf3 d6 3. c4 Nbd7 4. Nc3 e5 5. g3 c6 6. Qc2 Be7 7. Bg2 O-O 8.
O-O Qc7 9. b4 a6 10. Qb3 Re8 11. Bb2 h6 12. a4 Bf8 13. e3 c5 14. bxc5 dxc5
15. dxe5 Nxe5 16. Nxe5 Qxe5 17. Nd5 Qd6 18. Nxf6+ gxf6 19. Rfd1 Qe7 20. Bc3
Rb8 21. a5 Bf5 22. Qb6 Qe6 23. Bxf6 Qxc4 24. Bd5 Qg4 25. f3 Qg6 26. e4 Be6
27. Be5 Rbd8 28. Bxb7 Rxd1+ 29. Rxd1 Qh5 30. Bf4 Qxf3 31. Rf1 Qd3 32. Qb2
Bc4 33. Rc1 Bg7 34. e5 Rb8 35. Qc3 Rxb7 36. Qxc4 Qxc4 37. Rxc4 Rb5 38. Ra4
1/2-1/2

[Event "98th ch-GBR"]
[Site "Sheffield ENG"]
[Date "2011.07.27"]
[Round "3"]
[White "Summerscale,A"]
[Black "Short,N"]
[Result "0-1"]
[WhiteElo "2415"]
[BlackElo "2687"]
[EventDate "2011.07.25"]

1. d4 Nf6 2. c4 e6 3. Nc3 Bb4 4. Bg5 c5 5. d5 d6 6. Nf3 exd5 7. cxd5 Nbd7
8. Nd2 Qe7 9. Qc2 O-O 10. O-O-O a6 11. e4 b5 12. f3 c4 13. Be2 Bc5 14. Nf1
Nb6 15. Nb1 Bd7 16. Qc3 b4 17. Qe1 h6 18. Be3 c3 19. bxc3 Rfc8 20. c4 Bb5
21. Bxc5 Rxc5 22. Ne3 Bxc4 23. Bxc4 Nxc4 24. Nxc4 Rxc4+ 25. Kd2 Rac8 26.
Ke2 Nxe4 27. Kf1 Qf6 0-1

[Event "98th ch-GBR"]
[Site "Sheffield ENG"]
[Date "2011.07.27"]
[Round "3"]
[White "Griffiths,R"]
[Black "Hawkins,Jo"]
[Result "1/2-1/2"]
[WhiteElo "2301"]
[BlackElo "2457"]
[EventDate "2011.07.25"]

1. c4 Nf6 2. g3 e6 3. Bg2 d5 4. Nf3 dxc4 5. Na3 Bxa3 6. bxa3 b5 7. Ne5 Nd5
8. d3 Qf6 9. d4 Nd7 10. O-O O-O 11. e4 Nxe5 12. dxe5 Qxe5 13. exd5 Qxa1 14.
d6 Rb8 15. dxc7 Rb6 16. Be3 Qe5 17. Bxb6 axb6 18. Qd8 Qc5 19. Rd1 f5 20.
Qd6 c3 21. Qc6 Qxc6 22. Bxc6 c2 23. Rc1 Rf7 24. Bxb5 Rxc7 25. Ba4 Bb7 26.
Rxc2 Rxc2 27. Bxc2 Bf3 28. Kf1 Kf7 29. Ke1 Kf6 1/2-1/2

[Event "98th ch-GBR"]
[Site "Sheffield ENG"]
[Date "2011.07.27"]
[Round "3"]
[White "Pert,N"]
[Black "Salimbeni,G"]
[Result "1-0"]
[WhiteElo "2555"]
[BlackElo "2150"]
[EventDate "2011.07.25"]

1. d4 Nf6 2. Nf3 g6 3. Bf4 Bg7 4. e3 O-O 5. Be2 d5 6. Nbd2 c5 7. c3 cxd4 8.
cxd4 Nc6 9. O-O Bf5 10. Qb3 Qb6 11. Rfc1 Rfc8 12. h3 Qxb3 13. Nxb3 Ne4 14.
a3 Nd8 15. Ng5 Rxc1+ 16. Rxc1 Rc8 17. Rxc8 Bxc8 18. Nxe4 dxe4 19. Bc7 Ne6
20. Bb8 a6 21. Bc4 Kf8 22. a4 Nd8 23. Nc5 f5 24. Bc7 Nc6 25. Ne6+ Bxe6 26.
Bxe6 Ke8 27. g4 Nd8 28. gxf5 Nxe6 29. fxe6 Kf8 30. Kf1 Bf6 31. Ke2 Kg7 32.
f3 exf3+ 33. Kxf3 g5 34. Bb6 Kg6 35. e4 Bg7 36. Bc5 h5 37. b3 Kf6 38. d5
Bf8 39. Bd4+ Kg6 40. Be5 Bh6 41. Bc7 Bf8 42. Bh2 Bh6 43. Be5 Bf8 44. Ke3
Bh6 45. Kd3 Bf8 46. Kc4 g4 47. hxg4 hxg4 48. Kc5 Kg5 49. Bg3 Kf6 50. Kb6
Bh6 51. Kxb7 a5 52. Kc6 Bd2 53. e5+ Kf5 54. d6 1-0

[Event "98th ch-GBR"]
[Site "Sheffield ENG"]
[Date "2011.07.27"]
[Round "3"]
[White "Zhou,Y"]
[Black "Jones,W"]
[Result "1/2-1/2"]
[WhiteElo "2444"]
[BlackElo "2121"]
[EventDate "2011.07.25"]

1. e4 c5 2. Nf3 d6 3. d4 cxd4 4. Nxd4 Nf6 5. Nc3 a6 6. Be3 e6 7. Be2 Be7 8.
a4 Qc7 9. O-O O-O 10. f4 Nc6 11. Kh1 Bd7 12. Qe1 Kh8 13. Qg3 Rac8 14. Rad1
Nb4 15. Rd2 Qb8 16. Bf3 Bc6 17. Rfd1 Rg8 18. Qh3 Be8 19. g4 Nd7 20. g5 g6
21. Nxe6 fxe6 22. Qxe6 Bf8 23. Bg4 Rc6 24. Qb3 a5 25. Be6 Rg7 26. Bxd7 Rxd7
27. e5 d5 28. Nb5 Bf7 29. Nd4 Ra6 30. c3 Nc6 31. e6 Re7 32. Nxc6 Rxc6 33.
Bd4+ Bg7 34. exf7 Qxf4 35. Qxd5 Qxf7 36. Qxf7 Rxf7 37. Bxg7+ Kxg7 38. Rd7
Rb6 39. R1d2 Rxd7 40. Rxd7+ Kg8 41. Rd2 Kf7 42. Kg2 Ke6 43. Kf3 Rb3 44. Ke4
b5 45. axb5 Rxb5 46. Rg2 a4 47. Kd4 Ra5 48. c4 a3 49. bxa3 Rxa3 50. Kc5 Kd7
51. h4 Rh3 52. Rg4 Rh1 53. Kd5 Rf1 54. c5 Rf5+ 55. Kd4 Kc6 56. Re4 Rxc5 57.
Re7 Ra5 58. Rxh7 Kd6 59. Rh6 Ra4+ 60. Ke3 Ke7 61. Rxg6 Rxh4 62. Rf6 Rg4 63.
Rf5 Ke6 64. Ra5 Kf7 65. Kf3 Rb4 66. Ra6 1/2-1/2

[Event "98th ch-GBR"]
[Site "Sheffield ENG"]
[Date "2011.07.27"]
[Round "3"]
[White "Yap,J"]
[Black "Williams,Si1"]
[Result "0-1"]
[WhiteElo "2029"]
[BlackElo "2528"]
[EventDate "2011.07.25"]

1. e4 c5 2. Nc3 Nc6 3. f4 g6 4. Nf3 Bg7 5. Bc4 e6 6. f5 Nge7 7. fxe6 fxe6
8. d3 d5 9. Bb3 b5 10. a4 b4 11. Ne2 Na5 12. Be3 dxe4 13. dxe4 Qxd1+ 14.
Rxd1 c4 15. Ba2 b3 16. cxb3 cxb3 17. Bb1 Bxb2 18. Nfd4 Nec6 19. O-O Nxd4
20. Nxd4 Bd7 21. Nb5 Bxb5 22. axb5 Nc4 23. Bc5 Ba3 24. Bxa3 Nxa3 25. Rf3
Nxb5 26. Rxb3 a6 27. Bd3 Nd4 28. Ra3 Ke7 29. Rxa6 Rxa6 30. Bxa6 Rd8 31. Kf2
Kf6 32. Rc1 Ra8 33. Bd3 Ra2+ 34. Ke3 e5 35. Rc7 h5 36. Rf7+ Kg5 37. Rf2 Ra3
38. Rb2 Kg4 39. Rb6 g5 40. Rg6 h4 41. h3+ Kh5 42. Rb6 Rb3 43. Ra6 Nc2+ 44.
Kd2 Rxd3+ 45. Kxc2 Rg3 46. Re6 Rxg2+ 47. Kd3 Rg3+ 48. Kc4 Rxh3 49. Kd5 Rh1
50. Kxe5 h3 51. Re8 Kg4 52. Rh8 h2 53. Ke6 Kg3 54. Kf5 g4 0-1

[Event "98th ch-GBR"]
[Site "Sheffield ENG"]
[Date "2011.07.27"]
[Round "3"]
[White "Bates,Ri"]
[Black "Lalic,P"]
[Result "1-0"]
[WhiteElo "2373"]
[BlackElo "1978"]
[EventDate "2011.07.25"]

1. d4 Nf6 2. Nf3 g6 3. g3 Bg7 4. Bg2 O-O 5. c4 c6 6. Nc3 d5 7. cxd5 cxd5 8.
Ne5 Nc6 9. O-O Qb6 10. Na4 Qb5 11. Bf4 Ng4 12. Nxc6 bxc6 13. Rc1 e5 14.
dxe5 Nxe5 15. b3 Bg4 16. Re1 Rac8 17. h3 Bf5 18. Rc5 Qb4 19. a3 Qxa3 20. e4
Nd7 21. Bd6 Bxe4 22. Bxe4 Nxc5 23. Bxc5 Qa2 24. Re2 Qa1 25. Qxa1 Bxa1 26.
Bxf8 Kxf8 27. Bf3 Rb8 28. Re3 Bd4 29. Rd3 Be5 30. Kf1 Ke7 31. Ke2 Rb4 32.
Kd1 Bd4 33. Ke2 Kd6 34. Nc3 Bxc3 35. Rxc3 c5 36. Rd3 d4 37. Kd2 a5 38. Bd1
Rb7 39. Rf3 f5 40. g4 Ke5 41. gxf5 gxf5 42. Rg3 a4 43. bxa4 c4 44. Ra3 d3
45. Kc3 Rb1 46. Kxc4 Rxd1 47. Rxd3 Ra1 48. Kb4 Ke4 49. Ra3 Rf1 50. a5 Rxf2
51. a6 Rb2+ 52. Kc3 Rb8 53. a7 Ra8 54. Kd2 Kf4 55. Ke2 Kg5 56. Kf3 h6 57.
Ra6 f4 58. Ra3 h5 59. Ra6 Kh4 60. Ra5 1-0

[Event "98th ch-GBR"]
[Site "Sheffield ENG"]
[Date "2011.07.27"]
[Round "3"]
[White "Simons,M"]
[Black "Palliser,R"]
[Result "1/2-1/2"]
[WhiteElo "2179"]
[BlackElo "2454"]
[EventDate "2011.07.25"]

1. d4 Nf6 2. Nf3 g6 3. Nc3 d5 4. Bf4 Bg7 5. Qd2 Ne4 6. Nxe4 dxe4 7. Ne5 Nd7
8. Bh6 O-O 9. Bxg7 Kxg7 10. Nxd7 Qxd7 11. e3 c6 12. Be2 a5 13. O-O Qd6 14.
c4 h5 15. f4 exf3 16. Bxf3 Bg4 17. c5 Qc7 18. Qf2 Bxf3 19. Qxf3 e5 20. Qf6+
Kg8 21. Rf5 Rfe8 22. Rxe5 Rxe5 23. dxe5 Re8 24. Qd6 Qe7 25. Rc1 Qxe5 26.
Qxe5 Rxe5 27. Kf2 Re4 28. b3 Kf8 29. Kf3 Rb4 30. Rc3 a4 31. bxa4 Rxa4 32.
a3 Ke7 33. Rb3 Ra7 34. Rd3 Ra8 35. Rb3 Rb8 36. h4 Kd7 37. Kf4 Kc7 38. Kg5
Re8 39. Kf6 Re4 40. Kxf7 Rxh4 41. Kxg6 Rg4+ 42. Kf5 Rxg2 43. e4 Rc2 44. e5
Rxc5 45. Kf6 Rc1 46. Rd3 Rf1+ 47. Kg7 Re1 48. Kf6 Rf1+ 1/2-1/2

[Event "98th ch-GBR"]
[Site "Sheffield ENG"]
[Date "2011.07.27"]
[Round "3"]
[White "Jenks,C"]
[Black "Rudd,J"]
[Result "0-1"]
[WhiteElo "2146"]
[BlackElo "2278"]
[EventDate "2011.07.25"]

1. d4 Nf6 2. Bf4 c5 3. d5 Qb6 4. Nc3 Qxb2 5. Bd2 Qb6 6. e4 d6 7. f4 a6 8.
e5 dxe5 9. fxe5 Ng4 10. e6 f5 11. Rb1 Qd6 12. Qf3 g6 13. Bb5+ axb5 14. Nxb5
Qd8 15. Nh3 Bg7 16. Ng5 O-O 17. Nf7 Ne5 18. Nxe5 Bxe5 19. O-O Bxe6 20. Bh6
Bxd5 21. Qd3 Bxa2 22. Qe2 Nc6 0-1

[Event "98th ch-GBR"]
[Site "Sheffield ENG"]
[Date "2011.07.27"]
[Round "3"]
[White "Chapman,T"]
[Black "Jackson,J"]
[Result "1-0"]
[WhiteElo "2242"]
[BlackElo "2157"]
[EventDate "2011.07.25"]

1. Nf3 d5 2. d4 Nf6 3. c4 e6 4. g3 Nc6 5. Bg2 dxc4 6. Qa4 Bb4+ 7. Bd2 Nd5
8. Bxb4 Ndxb4 9. O-O Rb8 10. Na3 a6 11. Ne5 O-O 12. Nxc6 Nxc6 13. Qxc4 Qxd4
14. Bxc6 Qxc4 15. Nxc4 bxc6 16. b3 Rb5 17. Rac1 e5 18. Rfd1 Be6 19. Ne3 Ra5
20. Rd2 Bd5 21. Nxd5 cxd5 22. Rxc7 d4 23. Rdc2 g6 24. Rd7 Kg7 25. f3 h5 26.
h4 Kf6 27. Rc6+ Kg7 28. Rc2 Kf6 29. Rc6+ Kg7 30. a4 Kg8 31. Rb7 Rd5 32.
Rxa6 d3 33. exd3 Rxd3 34. Rab6 Kg7 35. Rb8 Rxb8 36. Rxb8 Rxf3 37. Kg2 Rc3
38. a5 e4 39. b4 Rc2+ 40. Kf1 Kf6 41. Re8 Kf5 42. a6 Ra2 43. b5 Kg4 44.
Rxe4+ Kxg3 45. Rb4 f5 46. Rb3+ 1-0

[Event "98th ch-GBR"]
[Site "Sheffield ENG"]
[Date "2011.07.27"]
[Round "3"]
[White "Brown,Mart"]
[Black "Mason,D"]
[Result "1-0"]
[WhiteElo "2130"]
[BlackElo "2237"]
[EventDate "2011.07.25"]

1. e4 c5 2. Nf3 d6 3. d4 cxd4 4. Nxd4 Nf6 5. Nc3 a6 6. Be2 e5 7. Nb3 Be7 8.
O-O Be6 9. Be3 O-O 10. f4 exf4 11. Rxf4 Nc6 12. Nd5 Bxd5 13. exd5 Ne5 14.
Rb4 Qc7 15. a4 Nfd7 16. a5 Rac8 17. c3 Rfe8 18. Qe1 Bf8 19. Qg3 Nc5 20. Nd2
Qd7 21. Rf1 f5 22. Rbf4 Ng6 23. Rxf5 Qe7 24. Bxc5 Qxe2 25. R5f2 Qb5 26. Bd4
Qxd5 27. Rf5 Qa2 28. Nf3 Qxb2 29. Ng5 Qc2 30. Qh3 h6 31. Nf3 Re2 32. Kh1
Rce8 33. Qg4 Kh7 34. h4 Rxg2 35. Qxg2 Re2 36. Qh3 Be7 37. Rf7 Ne5 38. Rxe7
Qe4 39. Qg3 1-0

[Event "98th ch-GBR"]
[Site "Sheffield ENG"]
[Date "2011.07.27"]
[Round "3"]
[White "Gregory,S"]
[Black "Khandelwal,A"]
[Result "1-0"]
[WhiteElo "2109"]
[BlackElo "2211"]
[EventDate "2011.07.25"]

1. e4 e5 2. Bc4 Nf6 3. Qe2 Nc6 4. Nf3 Be7 5. d3 O-O 6. c3 d5 7. Bb5 Bd6 8.
Bg5 Ne7 9. Bxf6 gxf6 10. Nbd2 c6 11. Ba4 Ng6 12. g3 Bh3 13. O-O-O b5 14.
Bc2 b4 15. cxb4 Bxb4 16. Nh4 Nxh4 17. gxh4 d4 18. Rhg1+ Kh8 19. Rg3 Be6 20.
Rdg1 Qa5 21. Nb3 Bxb3 22. Bxb3 Rg8 23. Bxf7 Rxg3 24. Rxg3 Rb8 25. Bb3 Qc5+
26. Kb1 a5 27. Qg4 Qf8 28. Qd7 Qh6 29. Qc7 Rf8 30. Qxc6 a4 31. Bd5 Bc3 32.
Qe6 1-0

[Event "98th ch-GBR"]
[Site "Sheffield ENG"]
[Date "2011.07.27"]
[Round "3"]
[White "Harvey,Marcus R"]
[Black "Jaunooby,A"]
[Result "0-1"]
[WhiteElo "2206"]
[BlackElo "2130"]
[EventDate "2011.07.25"]

1. g3 d5 2. Bg2 c5 3. Nf3 Nc6 4. d4 Bg4 5. c3 e6 6. O-O Nf6 7. Ne5 Nxe5 8.
dxe5 Nd7 9. h3 Bh5 10. f4 f5 11. c4 Nb6 12. cxd5 Nxd5 13. Qa4+ Qd7 14.
Qxd7+ Kxd7 15. e4 Nb4 16. Nc3 c4 17. exf5 Bc5+ 18. Kh2 exf5 19. Bd2 Rab8
20. b3 b5 21. Nd5 Nd3 22. Bf3 Bxf3 23. Rxf3 Rhc8 24. g4 fxg4 25. hxg4 Nf2
26. g5 Ke6 27. Nc3 b4 28. f5+ Kd7 29. e6+ Kc6 30. Nd1 Ng4+ 31. Kh3 Ne5 32.
Rf4 Rd8 33. Be1 Rd3+ 34. Kg2 c3 35. Nf2 Rd6 36. Ne4 Nd3 37. Rf1 Rd5 38. f6
gxf6 39. gxf6 Nxe1+ 40. Raxe1 Rg8+ 41. Ng3 Rd2+ 42. Kf3 Rd3+ 43. Kf4 Rdxg3
44. e7 Bd6+ 45. Ke4 Kd7 46. Kd5 R3g5+ 47. Kd4 Rc8 48. Kd3 Rd5+ 49. Kc2 Rd2+
50. Kb1 a5 51. Re3 Rb2+ 52. Ka1 a4 53. bxa4 b3 54. axb3 Rxb3 55. f7 Bxe7
56. Rd3+ Kc6 57. Rc1 Kb6 58. a5+ Kxa5 59. Rd7 Ra8 60. Rc2 Kb6+ 61. Ra2 c2
0-1

[Event "98th ch-GBR"]
[Site "Sheffield ENG"]
[Date "2011.07.27"]
[Round "3"]
[White "McKenna,Jas"]
[Black "Nelson,Jo"]
[Result "0-1"]
[WhiteElo "2098"]
[BlackElo "2204"]
[EventDate "2011.07.25"]

1. e4 c5 2. Nf3 Nc6 3. d4 cxd4 4. Nxd4 Nf6 5. Nc3 e5 6. Ndb5 d6 7. a4 Be7
8. Bg5 a6 9. Bxf6 gxf6 10. Na3 f5 11. Qh5 fxe4 12. Bc4 O-O 13. Rd1 Nd4 14.
Bd5 Bf5 15. Bxe4 Bxe4 16. Nxe4 f5 17. Rd3 Qe8 18. Rg3+ Kh8 19. Qh6 Rf7 20.
Nc3 f4 21. Rh3 Qg8 22. O-O Rg7 23. g3 Nf3+ 24. Kh1 Ng5 25. Rh5 Rf8 26. Rxg5
Rxg5 27. Ne4 Rg6 28. Qh3 d5 29. Nc3 Bc5 30. Qd7 fxg3 31. hxg3 Bxf2 0-1

[Event "98th ch-GBR"]
[Site "Sheffield ENG"]
[Date "2011.07.27"]
[Round "3"]
[White "Britton,R"]
[Black "Weaving,Richard"]
[Result "1-0"]
[WhiteElo "2203"]
[BlackElo "2070"]
[EventDate "2011.07.25"]

1. e4 e5 2. Nf3 Nc6 3. Bb5 a6 4. Ba4 Nf6 5. O-O Be7 6. Re1 b5 7. Bb3 d6 8.
c3 O-O 9. h3 Na5 10. Bc2 d5 11. d3 dxe4 12. dxe4 Qxd1 13. Rxd1 Bd6 14. Nbd2
Bd7 15. b4 Nb7 16. a3 c5 17. Nf1 Bc6 18. Ng3 Rfe8 19. Bg5 Nd7 20. Rab1 Bf8
21. Nd2 Nb6 22. Be3 a5 23. Bd3 Na4 24. Ne2 axb4 25. axb4 c4 26. Bc2 Nd6 27.
f3 g6 28. Bxa4 Rxa4 29. Ra1 Rea8 30. Rxa4 Rxa4 31. Nf1 Nb7 32. Bb6 Bh6 33.
Be3 Bg7 34. Kf2 Kf8 35. Bb6 Ra6 36. Bc7 Ke8 37. Ne3 Ra2 38. g4 f6 39. h4
Bh6 40. g5 fxg5 41. Ng4 Bg7 42. hxg5 Ke7 43. Rh1 Nd8 44. Bxd8+ Kxd8 45.
Rxh7 Ra7 46. Nxe5 Be8 47. f4 Re7 48. Kf3 Bxe5 49. Rxe7 Kxe7 50. fxe5 Bd7
51. Nf4 Kf7 52. Ke3 Bc8 53. Kd4 1-0

[Event "98th ch-GBR"]
[Site "Sheffield ENG"]
[Date "2011.07.27"]
[Round "3"]
[White "Holland,J"]
[Black "Lenier,J"]
[Result "1-0"]
[WhiteElo "2196"]
[BlackElo "2065"]
[EventDate "2011.07.25"]

1. e4 e5 2. Nf3 Nc6 3. Bb5 a6 4. Ba4 Nf6 5. O-O Be7 6. Re1 b5 7. Bb3 O-O 8.
c3 d5 9. d4 Nxe4 10. dxe5 Be6 11. Nbd2 Nc5 12. Nd4 Nxd4 13. cxd4 Nd3 14.
Re3 Nxc1 15. Rxc1 Qd7 16. Rec3 c5 17. dxc5 d4 18. Bxe6 fxe6 19. Nf3 Rad8
20. Rd3 Qc6 21. Qd2 Qd5 22. Rxd4 Qxa2 23. c6 Rxd4 24. Qxd4 Rd8 25. c7 1-0

[Event "98th ch-GBR"]
[Site "Sheffield ENG"]
[Date "2011.07.27"]
[Round "3"]
[White "O'Toole,G"]
[Black "Foo,William J"]
[Result "0-1"]
[WhiteElo "2185"]
[BlackElo "1893"]
[EventDate "2011.07.25"]

1. e4 c6 2. c4 d5 3. exd5 cxd5 4. cxd5 Nf6 5. Nc3 Nxd5 6. Nf3 Nc6 7. Bc4
Nb6 8. Bb3 Bf5 9. d4 e6 10. O-O Be7 11. a3 O-O 12. Be3 Na5 13. Ba2 Nac4 14.
Qe2 Rc8 15. Rac1 Nxe3 16. fxe3 h6 17. Rfd1 Qd6 18. e4 Bh7 19. e5 Qb8 20. d5
exd5 21. e6 Bc5+ 22. Kh1 fxe6 23. Qxe6+ Kh8 24. Nxd5 Rce8 25. Qh3 Nxd5 26.
Bxd5 Bd6 27. Be6 Bf4 28. Rc4 Rd8 29. Re1 b5 30. Rc5 b4 31. Qg4 bxa3 32.
bxa3 Qb2 33. Bd5 Bd6 34. Rcc1 Bxa3 35. Rcd1 Bb4 36. Rf1 Bc2 37. Ng5 Bxd1
38. Rxf8+ Rxf8 39. Qxd1 Qf6 40. Nf3 Bc3 41. h3 a5 42. Qc2 Bb4 43. Ba2 g6
44. Bb1 Rd8 45. h4 h5 46. Ba2 Be1 47. Nxe1 Qxh4+ 48. Kg1 Qxe1+ 49. Kh2 Qe5+
50. Kg1 a4 51. Qxa4 Qd4+ 52. Qxd4+ Rxd4 53. Kh2 Kg7 54. Kg3 Kf6 55. Kf3 Ra4
56. Bd5 Ra3+ 57. Kf2 g5 58. Be4 g4 59. Bc6 Kg5 60. Be8 h4 61. Bd7 Kf4 62.
Bc6 Ra2+ 63. Kf1 Kg3 0-1

[Event "98th ch-GBR"]
[Site "Sheffield ENG"]
[Date "2011.07.27"]
[Round "3"]
[White "Pleasants,A"]
[Black "Arnott,J"]
[Result "1/2-1/2"]
[WhiteElo "2092"]
[BlackElo "2188"]
[EventDate "2011.07.25"]

1. e4 e6 2. d4 d5 3. Nd2 Nf6 4. Bd3 c5 5. c3 Nc6 6. Ngf3 cxd4 7. cxd4 Bb4
8. e5 Ne4 9. O-O Nxd2 10. Bxd2 Bxd2 11. Qxd2 O-O 12. Rac1 Qe7 13. Rc3 f6
14. exf6 Qxf6 15. Bb1 Bd7 16. Re1 Qf4 17. Qd3 g6 18. Qe3 Rae8 1/2-1/2